000 00397nam a2200169 a 4500
001 2319
005 20140414132118.0
008 020411s19uu xx 00 eng d
050 _aER
_bH11 1995
245 _aHare and the tortoise and other stories.
260 _bTormont.
440 _a
500 _a
650 _aFairy tales.
650 _aChildren stories
_xFiction.
999 _c114972
_d114972